000
00203 a2200097 4500
001
12742
100
_a
Zamir Jafri,S
245
_a
Qarya-e-jan
260
_a
_b
Doost Publications
_c
090
_c
9742
_d
9742
942
_a
NUST-CAE
_c
M
_c
36647
999
_c
247815
_d
247815